Welcome to CU Library Online Public Access Catalogue (OPAC)

Tess of the D'Urbervilles (Record no. 1172)

MARC details
000 -LEADER
fixed length control field 00384nam a22001337a 4500
005 - DATE AND TIME OF LATEST TRANSACTION
control field 20241114102707.0
008 - FIXED-LENGTH DATA ELEMENTS--GENERAL INFORMATION
fixed length control field 241114b |||||||| |||| 00| 0 eng d
020 ## - INTERNATIONAL STANDARD BOOK NUMBER
International Standard Book Number 9788185944579
100 ## - MAIN ENTRY--PERSONAL NAME
Personal name Hardy Thomas
245 ## - TITLE STATEMENT
Title Tess of the D'Urbervilles
Remainder of title A Pure Woman
260 ## - PUBLICATION, DISTRIBUTION, ETC.
Place of publication, distribution, etc. New Delhi, India
Name of publisher, distributor, etc. UBS Publisher's Distributorrs Pvt. Ltd.
300 ## - PHYSICAL DESCRIPTION
Extent 496 pages
Dimensions 18 cm
942 ## - ADDED ENTRY ELEMENTS (KOHA)
Source of classification or shelving scheme Library of Congress Classification
Koha item type Books
Suppress in OPAC No
999 ## -
-- 1172
-- 1172
Holdings
Withdrawn status Lost status Source of classification or shelving scheme Damaged status Not for loan Collection Home library Current library Shelving location Date acquired Total checkouts Full call number Barcode Date last seen Copy number Price effective from Koha item type
    Library of Congress Classification     Non-fiction Law Library (Miotso) Law Library (Miotso) General stacks 11/14/2024   PR4748.C6 HAR LLM00000953 11/14/2024 1 11/14/2024 Books
    Library of Congress Classification     Fiction Undergraduate Library (Christ Temple) Undergraduate Library (Christ Temple) General stacks 09/23/2025   PR4748.C6 HAR ulct00004909 09/23/2025 1 09/23/2025 Books
© 2023-2024 Copyright: Central University Libraries. All Rights Reserved | Created by: Mahone Tech Office